[Event "Groningen op 60th"]
[Site "Groningen"]
[Date "2024.12.21"]
[Round "1"]
[White "Palchuk, Andrii"]
[Black "Mareau, Timothe"]
[Result "1/2-1/2"]
[WhiteElo "2372"]
[BlackElo "2168"]
[PlyCount "43"]
[EventDate "2024.12.21"]
[EventType "swiss"]
[EventRounds "9"]
[EventCountry "NED"]
[SourceTitle "CB02_2025"]
[SourceDate "2025.01.08"]
[SourceVersion "1"]
[SourceVersionDate "2025.01.08"]
[SourceQuality "1"]

1. d4 f5 2. g3 Nf6 3. Bg2 g6 4. Nf3 Bg7 5. 0-0 d6 6. c4 0-0 7. Qc2 Qe8 8. d5 e5 9. dxe6 Nc6 10. Nc3 Bxe6 11. Nb5 Nb4 12. Qc3 Na6 13. Qc2 Nb4 14. Qd1 Qe7 15. Bd2 Bxc4 16. Na3 d5 17. Nxc4 dxc4 18. Qc1 Nbd5 19. Qxc4 c6 20. Rad1 Rfe8 21. Rfe1 Kh8 22. Bc1 1/2-1/2

[Event "Titled Tuesday intern op 21st May Early"]
[Site "Chess.com INT"]
[Date "2024.05.21"]
[Round "1"]
[White "Palchuk, Andrii"]
[Black "Garcia Correa, Jose Ricardo"]
[Result "1-0"]
[WhiteElo "2364"]
[BlackElo "2103"]
[PlyCount "75"]
[EventDate "2024.05.21"]
[EventType "swiss (blitz)"]
[EventRounds "11"]
[EventCountry "USA"]
[SourceTitle "CBM 220 Extra"]
[Source "ChessBase"]
[SourceDate "2024.07.31"]
[SourceVersion "1"]
[SourceVersionDate "2024.07.31"]
[SourceQuality "1"]

1. e4 c5 2. Nf3 e6 3. c3 d5 4. exd5 exd5 5. d4 Nf6 6. Bb5+ Nc6 7. 0-0 Be7 8. dxc5 0-0 9. Nbd2 Bxc5 10. Nb3 Bb6 11. Bg5 Be6 12. Nbd4 Qd6 13. Bh4 Ne4 14. Re1 Bc7 15. Bg3 Nxg3 16. hxg3 Nxd4 17. Nxd4 a6 18. Bd3 Bb6 19. Bc2 Bxd4 20. Qxd4 Rac8 21. Rad1 Rfd8 22. Qh4 h6 23. Rd4 Qb6 24. Bb3 Qc5 25. g4 b5 26. g5 hxg5 27. Qxg5 a5 28. a3 Rd7 29. Re3 Qe7 30. Qxe7 Rxe7 31. Bxd5 Rd7 32. Bxe6 Rxd4 33. Bxc8 Rd1+ 34. Kh2 b4 35. axb4 axb4 36. cxb4 g6 37. b5 Rc1 38. Bd7 1-0

[Event "Groningen Combinatie op"]
[Site "Groningen"]
[Date "2024.05.11"]
[Round "4"]
[White "Van Foreest, Machteld"]
[Black "Palchuk, Andrii"]
[Result "1/2-1/2"]
[WhiteElo "2278"]
[BlackElo "2364"]
[PlyCount "78"]
[EventDate "2024.05.09"]
[EventType "swiss"]
[EventRounds "7"]
[EventCountry "NED"]
[SourceTitle "CBM 220 Extra"]
[Source "ChessBase"]
[SourceDate "2024.07.31"]
[SourceVersion "1"]
[SourceVersionDate "2024.07.31"]
[SourceQuality "1"]

1. e4 e5 2. Nf3 d6 3. d4 exd4 4. Nxd4 Nf6 5. Nc3 Be7 6. Be2 0-0 7. 0-0 Re8 8. f4 Bf8 9. Bf3 c5 10. Nb3 Nc6 11. Be3 Bf5 12. exf5 Rxe3 13. Qd2 Re8 14. g4 d5 15. g5 d4 16. gxf6 dxc3 17. Qxc3 Qxf6 18. Qxf6 gxf6 19. c4 a5 20. Bd5 a4 21. Nd2 Re2 22. Ne4 Nb4 23. Rf2 Rxf2 24. Kxf2 Be7 25. a3 Nc2 26. Rg1+ Kf8 27. Kf3 Ra6 28. Nc3 Rb6 29. Nb5 Nd4+ 30. Nxd4 cxd4 31. Rg2 Rb3+ 32. Kg4 Bc5 33. Rd2 d3 34. Kf3 Bd4 35. Ke4 Bxb2 36. Rxd3 Rxd3 37. Kxd3 b6 38. Bc6 Bxa3 39. Bxa4 Bc5 1/2-1/2

[Event "Titled Tuesday intern op 07th May Early"]
[Site "Chess.com INT"]
[Date "2024.05.07"]
[Round "8"]
[White "Mischuk, Dmitry"]
[Black "Palchuk, Andrii"]
[Result "1-0"]
[WhiteElo "2298"]
[BlackElo "2364"]
[PlyCount "131"]
[EventDate "2024.05.07"]
[EventType "swiss (blitz)"]
[EventRounds "11"]
[EventCountry "USA"]
[SourceTitle "EXT 2025"]
[Source "ChessBase"]
[SourceDate "2024.10.14"]
[SourceVersion "1"]
[SourceVersionDate "2024.10.14"]
[SourceQuality "1"]

1. d4 Nf6 2. c4 e6 3. g3 d5 4. Bg2 dxc4 5. Qa4+ Nbd7 6. Qxc4 a6 7. Be3 b5 8. Qc1 Rb8 9. Nd2 Nd5 10. Nb3 Nxe3 11. Qxe3 Bb4+ 12. Kf1 0-0 13. Rc1 Nb6 14. Rc2 Nc4 15. Qd3 e5 16. Nf3 Qe7 17. dxe5 Nxe5 18. Nxe5 Qxe5 19. Qd4 Qe7 20. Rc1 Bd6 21. h4 Be6 22. Bd5 Bg4 23. Bf3 Bf5 24. Kg2 Rbd8 25. Qa7 Be6 26. Qxa6 Bc4 27. Rxc4 bxc4 28. Qxc4 Rb8 29. Qc2 Rb4 30. Nd2 Rfb8 31. b3 g6 32. h5 Kg7 33. Nc4 Qf6 34. Rd1 Re8 35. Qd2 Rbb8 36. h6+ Kg8 37. Nxd6 cxd6 38. Qxd6 Qg5 39. Qf4 Qxf4 40. gxf4 Kf8 41. Rd2 Red8 42. Rb2 Rb4 43. e3 Rdb8 44. Bd5 R4b5 45. Bc4 Rc5 46. Rd2 Rb7 47. a4 Ke7 48. Ra2 Ra7 49. Be2 Rb7 50. a5 Rcc7 51. Bc4 Ra7 52. a6 Rc6 53. Kf3 Rb6 54. Rd2 f5 55. Rd5 Kf6 56. Rd8 g5 57. fxg5+ Kxg5 58. Rg8+ Kxh6 59. Kf4 Rg6 60. Rxg6+ hxg6 61. b4 Rc7 62. Be2 Re7 63. b5 Re4+ 64. Kf3 Ra4 65. b6 Kg5 66. b7 1-0

[Event "Titled Tuesday intern op 23rd Apr Early"]
[Site "Chess.com INT"]
[Date "2024.04.23"]
[Round "2"]
[White "Bacrot, Etienne"]
[Black "Palchuk, Andrii"]
[Result "1-0"]
[WhiteElo "2686"]
[BlackElo "2364"]
[PlyCount "91"]
[EventDate "2024.04.23"]
[EventType "swiss (blitz)"]
[EventRounds "11"]
[EventCountry "USA"]
[SourceTitle "EXT 2025"]
[Source "ChessBase"]
[SourceDate "2024.10.14"]
[SourceVersion "1"]
[SourceVersionDate "2024.10.14"]
[SourceQuality "1"]

1. e4 c6 2. Nf3 d5 3. Nc3 dxe4 4. Nxe4 Nf6 5. Qe2 Nxe4 6. Qxe4 Qd5 7. Qh4 Qe6+ 8. Be2 Qg4 9. Qg3 Qxg3 10. hxg3 g6 11. d4 Nd7 12. Bf4 Bg7 13. 0-0-0 Nf6 14. Ne5 Be6 15. a3 Ne4 16. Be3 Nd6 17. g4 0-0-0 18. f4 Kc7 19. Bf3 Bd5 20. Bxd5 cxd5 21. Bd2 Bxe5 22. dxe5 Ne4 23. Rh6 Nf2 24. Re1 Nxg4 25. Rh3 h5 26. e6 f6 27. Bb4 Rhe8 28. f5 gxf5 29. Rxh5 b6 30. Rh7 Kc6 31. Bxe7 Rc8 32. Bb4 Rc7 33. Rh5 Ne5 34. Rxf5 Rxe6 35. Kd1 Rg7 36. Rf2 d4 37. Bf8 Rg6 38. a4 Kd5 39. b3 Ng4 40. Rd2 Ne3+ 41. Kc1 Rxg2 42. c4+ Ke4 43. Rxg2 f5 44. Rd2 f4 45. Bh6 f3 46. Rf2 1-0

[Event "Titled Tuesday intern op 23rd Apr Early"]
[Site "Chess.com INT"]
[Date "2024.04.23"]
[Round "6"]
[White "Palchuk, Andrii"]
[Black "Omariev, Maksim"]
[Result "1-0"]
[WhiteElo "2364"]
[BlackElo "2304"]
[PlyCount "115"]
[EventDate "2024.04.23"]
[EventType "swiss (blitz)"]
[EventRounds "11"]
[EventCountry "USA"]
[SourceTitle "EXT 2025"]
[Source "ChessBase"]
[SourceDate "2024.10.14"]
[SourceVersion "1"]
[SourceVersionDate "2024.10.14"]
[SourceQuality "1"]

1. d4 g6 2. e4 Bg7 3. Nf3 d6 4. h3 Nc6 5. c3 e5 6. dxe5 Nxe5 7. Nxe5 dxe5 8. Bd3 Ne7 9. Qe2 Be6 10. 0-0 c6 11. Rd1 Qc7 12. Nd2 f5 13. Nf3 0-0-0 14. Be3 Kb8 15. Ng5 Bg8 16. Bc4 Nd5 17. exd5 cxd5 18. Bb3 h6 19. Nf3 g5 20. Re1 Bf7 21. Bc2 f4 22. Bc1 Rhe8 23. Ba4 Re6 24. Bb3 Bh5 25. Bd2 e4 26. Qf1 Bxf3 27. gxf3 Rg6 28. Qg2 Re6 29. fxe4 Rxe4 30. Bc2 Rxe1+ 31. Rxe1 Bf6 32. Qg4 Rf8 33. Qh5 Bg7 34. Re8+ Rxe8 35. Qxe8+ Qc8 36. Qxc8+ Kxc8 37. Bb3 d4 38. cxd4 Bxd4 39. Bc3 Bxc3 40. bxc3 Kd7 41. Kg2 Kd6 42. Kf3 Ke5 43. Kg4 Ke4 44. Bc2+ Kd5 45. Bd3 b5 46. Bxb5 Kc5 47. Bd3 a5 48. Kh5 a4 49. Kxh6 g4 50. hxg4 f3 51. g5 a3 52. g6 Kd6 53. g7 Ke5 54. g8Q Kf4 55. Qf7+ Kg4 56. Be4 Kh4 57. Qf4+ Kh3 58. Qg3# 1-0

[Event "Titled Tuesday intern op 23rd Apr Early"]
[Site "Chess.com INT"]
[Date "2024.04.23"]
[Round "3"]
[White "Palchuk, Andrii"]
[Black "Szczepanek, Radoslaw"]
[Result "1-0"]
[WhiteElo "2364"]
[BlackElo "2205"]
[PlyCount "63"]
[EventDate "2024.04.23"]
[EventType "swiss (blitz)"]
[EventRounds "11"]
[EventCountry "USA"]
[SourceTitle "EXT 2025"]
[Source "ChessBase"]
[SourceDate "2024.10.14"]
[SourceVersion "1"]
[SourceVersionDate "2024.10.14"]
[SourceQuality "1"]

1. d4 Nf6 2. c4 e6 3. g3 Bb4+ 4. Bd2 Qe7 5. Nf3 Nc6 6. Nc3 0-0 7. Bg2 d5 8. cxd5 exd5 9. 0-0 h6 10. Rc1 Bf5 11. Bf4 a6 12. Ne5 Rad8 13. Nxc6 bxc6 14. Na4 Bg4 15. Bf3 Bh3 16. Bg2 Bg4 17. Be5 Nd7 18. h3 Nxe5 19. hxg4 Nc4 20. b3 Nd2 21. e3 Nxf1 22. Bxf1 Rd6 23. Bd3 Rf6 24. Kg2 Re8 25. Qe2 Qd7 26. Rf1 Rg6 27. Bxg6 fxg6 28. Rc1 Re4 29. Qxa6 Qxg4 30. Rc2 Bd6 31. Qe2 Rxe3 32. Qxg4 1-0

[Event "Titled Tuesday intern op 29th Aug Late"]
[Site "Chess.com INT"]
[Date "2023.08.29"]
[Round "5"]
[White "Palchuk, Andrii"]
[Black "Svane, Rasmus"]
[Result "0-1"]
[WhiteElo "2335"]
[BlackElo "2631"]
[PlyCount "106"]
[EventDate "2023.08.29"]
[EventType "swiss (blitz)"]
[EventRounds "11"]
[EventCountry "USA"]
[SourceTitle "EXT 2024"]
[Source "ChessBase"]
[SourceDate "2023.10.10"]
[SourceVersion "1"]
[SourceVersionDate "2023.10.10"]
[SourceQuality "1"]

1. d4 d5 2. c4 e6 3. Nf3 a6 4. g3 dxc4 5. Bg2 b5 6. Ne5 c6 7. Nxc6 Qb6 8. Na5 Ra7 9. Bd2 Nf6 10. e3 Be7 11. b3 Rc7 12. bxc4 bxc4 13. Qa4+ Qb5 14. Nc3 Qxa4 15. Nxa4 0-0 16. 0-0 Nd5 17. Rfc1 Bd7 18. Nc5 Bxc5 19. dxc5 Rfc8 20. Rxc4 Bb5 21. Rcc1 Rxc5 22. Rxc5 Rxc5 23. Nb3 Rc8 24. a4 Be8 25. a5 Bb5 26. Nd4 Bd3 27. Bf1 Bxf1 28. Kxf1 Kf8 29. Rb1 Nc6 30. Nb3 Rb8 31. Ke2 Ke7 32. Kd3 Rb5 33. Kc2 Ndb4+ 34. Bxb4+ Nxb4+ 35. Kc3 Nc6 36. Ra1 Kd6 37. Ra4 e5 38. g4 f6 39. Nd2 Kd5 40. e4+ Ke6 41. Nb3 Kd6 42. f3 g6 43. h4 Rb8 44. Nd2 Nd4 45. Nc4+ Kc5 46. Nd2 h5 47. gxh5 gxh5 48. Rc4+ Kd6 49. Rb4 Nb5+ 50. Kd3 Rg8 51. Nc4+ Kc5 52. Rb1 Rd8+ 53. Ke3 Kxc4 0-1

[Event "Titled Tuesday intern op 22nd Aug Early"]
[Site "Chess.com INT"]
[Date "2023.08.22"]
[Round "8"]
[White "Jones, Gawain C B"]
[Black "Palchuk, Andrii"]
[Result "1-0"]
[WhiteElo "2618"]
[BlackElo "2335"]
[PlyCount "93"]
[EventDate "2023.08.22"]
[EventType "swiss (blitz)"]
[EventRounds "11"]
[EventCountry "USA"]
[SourceTitle "EXT 2024"]
[Source "ChessBase"]
[SourceDate "2023.10.10"]
[SourceVersion "1"]
[SourceVersionDate "2023.10.10"]
[SourceQuality "1"]

1. e4 c5 2. d3 Nc6 3. f4 d6 4. Nf3 g6 5. Be2 Bg7 6. 0-0 Rb8 7. a4 a6 8. c3 b5 9. axb5 axb5 10. d4 cxd4 11. cxd4 Nf6 12. d5 Na5 13. e5 dxe5 14. fxe5 Nxd5 15. Rxa5 Qxa5 16. Qxd5 0-0 17. Ng5 Bf5 18. Nc3 Qb6+ 19. Kh1 b4 20. Na4 Qa7 21. b3 h6 22. Nf3 Be6 23. Qc5 Qb7 24. Qe3 Bd5 25. Bb2 Qc6 26. Rc1 Qe6 27. Nc5 Qf5 28. Nd4 Qxe5 29. Qxe5 Bxe5 30. Nd7 Bxd4 31. Bxd4 Rbc8 32. Nc5 Rfd8 33. Be3 g5 34. Kg1 f6 35. Bg4 Rc6 36. Rd1 Rcd6 37. Rd4 Bf7 38. Rxb4 h5 39. Be2 Rc6 40. h4 Rd5 41. Ne4 Re5 42. hxg5 f5 43. g6 Bxg6 44. Rb8+ Kh7 45. Bd4 Rc1+ 46. Kh2 Rxe4 47. Rh8# 1-0

[Event "Titled Tuesday intern op 22nd Aug Early"]
[Site "Chess.com INT"]
[Date "2023.08.22"]
[Round "7"]
[White "Palchuk, Andrii"]
[Black "Rietze, Clemens"]
[Result "1-0"]
[WhiteElo "2335"]
[BlackElo "2329"]
[PlyCount "153"]
[EventDate "2023.08.22"]
[EventType "swiss (blitz)"]
[EventRounds "11"]
[EventCountry "USA"]
[SourceTitle "EXT 2024"]
[Source "ChessBase"]
[SourceDate "2023.10.10"]
[SourceVersion "1"]
[SourceVersionDate "2023.10.10"]
[SourceQuality "1"]

1. d4 Nf6 2. c4 g6 3. g3 Bg7 4. Bg2 0-0 5. Nf3 d6 6. 0-0 Nc6 7. Nc3 Bf5 8. Re1 a5 9. h3 e5 10. d5 Nb4 11. e4 Bd7 12. a3 Na6 13. b3 Nc5 14. Rb1 Ne8 15. b4 axb4 16. axb4 Na4 17. Nxa4 Rxa4 18. Bd2 h6 19. Ra1 Qa8 20. Rxa4 Bxa4 21. Qa1 Nf6 22. Qc3 Bd7 23. Ra1 Qb8 24. Ne1 c6 25. Be3 Rc8 26. Qb3 cxd5 27. exd5 Nh5 28. Bb6 Kh7 29. c5 Nf6 30. Nc2 Bb5 31. Ra5 Bd7 32. Ne3 Ne8 33. Nc4 Bf8 34. Qe3 f6 35. f4 dxc5 36. bxc5 exf4 37. gxf4 Ng7 38. d6 Re8 39. Qd2 Nf5 40. Bc7 Qc8 41. Nb6 Nh4 42. Nxc8 Bxc8 43. d7 Bxd7 44. Qxd7+ Re7 45. Qxe7+ Bxe7 46. Bd6 Bd8 47. Ra8 Nf5 48. Rxd8 Kg7 49. Rd7+ Kg8 50. Bd5+ Kh8 51. Rxb7 Ne3 52. Be4 Nc4 53. Be7 Na5 54. Rc7 Kg7 55. Bd8+ Kf8 56. Bxg6 Nc4 57. Bxf6 Ne3 58. Rf7+ Ke8 59. Re7+ Kd8 60. Rxe3+ Kc7 61. Re7+ Kc6 62. Rh7 Kd5 63. Rxh6 Kxc5 64. Bg5 Kd4 65. Rh7 Ke3 66. Rf7 Kf3 67. h4 Ke3 68. h5 Kd4 69. h6 Ke3 70. h7 Kd4 71. h8Q+ Ke3 72. Qe5+ Kd2 73. Rd7+ Kc1 74. Qc7+ Kb2 75. Rd8 Kb3 76. Rb8+ Ka3 77. Qa7# 1-0

[Event "Rome La Regina op 3rd"]
[Site "Rome"]
[Date "2023.07.30"]
[Round "5"]
[White "Bettalli, Francesco"]
[Black "Palchuk, Andrii"]
[Result "1/2-1/2"]
[WhiteElo "2266"]
[BlackElo "2317"]
[PlyCount "33"]
[EventDate "2023.07.28"]
[EventType "swiss"]
[EventRounds "5"]
[EventCountry "ITA"]
[SourceTitle "CBM 215 Extra"]
[Source "ChessBase"]
[SourceDate "2023.09.30"]
[SourceVersion "1"]
[SourceVersionDate "2023.09.30"]
[SourceQuality "1"]

1. e4 c5 2. Nf3 e6 3. d4 cxd4 4. Nxd4 a6 5. Bd3 Ne7 6. 0-0 Nbc6 7. Nb3 g6 8. Nc3 Bg7 9. Kh1 0-0 10. f4 d6 11. Qf3 Nb4 12. Rd1 Qc7 13. Be3 Bd7 14. a3 Nxd3 15. Rxd3 Bc6 16. Nd4 Bd7 17. Rad1 1/2-1/2

[Event "Rome La Regina op 3rd"]
[Site "Rome"]
[Date "2023.07.30"]
[Round "4"]
[White "Palchuk, Andrii"]
[Black "Mammi, Samuele"]
[Result "1/2-1/2"]
[WhiteElo "2317"]
[BlackElo "2014"]
[PlyCount "118"]
[EventDate "2023.07.28"]
[EventType "swiss"]
[EventRounds "5"]
[EventCountry "ITA"]
[SourceTitle "CBM 215 Extra"]
[Source "ChessBase"]
[SourceDate "2023.09.30"]
[SourceVersion "1"]
[SourceVersionDate "2023.09.30"]
[SourceQuality "1"]

1. d4 d5 2. c4 dxc4 3. Nf3 Nf6 4. e3 e6 5. Bxc4 c5 6. 0-0 a6 7. Qe2 b5 8. Bb3 Be7 9. Rd1 cxd4 10. exd4 Bb7 11. Ne5 0-0 12. a3 Nbd7 13. Nc3 Nb6 14. Rd3 Nbd5 15. Rh3 Nxc3 16. bxc3 Be4 17. Bg5 Bf5 18. Nc6 Qd7 19. Nxe7+ Qxe7 20. Rg3 Kh8 21. h3 Qd6 22. Rf3 Ne4 23. Bf4 Qc6 24. Rc1 Rfc8 25. Re3 Nf6 26. Rg3 Qe4 27. Qxe4 Bxe4 28. Be5 Rc6 29. c4 Bd5 30. c5 Bxb3 31. Rxb3 Nd5 32. Re1 Ne7 33. Rf3 Kg8 34. Bd6 Nf5 35. d5 Rcc8 36. dxe6 fxe6 37. g4 Nxd6 38. cxd6 Re8 39. Rc3 Ra7 40. Rc6 Kf7 41. Rec1 Rd8 42. Rb6 e5 43. Kg2 Ke6 44. Rc7 Rd7 45. Rcc6 Ra8 46. Rxa6 Rxa6 47. Rxa6 Rxd6 48. Ra5 Rd3 49. Rxb5 Rxa3 50. f3 Kf6 51. h4 Rc3 52. Rb6+ Kf7 53. g5 Ra3 54. Rc6 Rb3 55. Ra6 Rc3 56. Rb6 Ra3 57. Rc6 Rb3 58. Ra6 Rc3 59. Rb6 Ra3 1/2-1/2

[Event "Rome La Regina op 3rd"]
[Site "Rome"]
[Date "2023.07.29"]
[Round "3"]
[White "Di Trapani, Davide"]
[Black "Palchuk, Andrii"]
[Result "0-1"]
[WhiteElo "2162"]
[BlackElo "2317"]
[PlyCount "34"]
[EventDate "2023.07.28"]
[EventType "swiss"]
[EventRounds "5"]
[EventCountry "ITA"]
[SourceTitle "CBM 215 Extra"]
[Source "ChessBase"]
[SourceDate "2023.09.30"]
[SourceVersion "1"]
[SourceVersionDate "2023.09.30"]
[SourceQuality "1"]

1. e4 c5 2. Nf3 e6 3. d4 cxd4 4. Nxd4 a6 5. Nc3 b5 6. a3 Bb7 7. Be3 Nc6 8. Qd2 Rc8 9. f3 Nf6 10. Be2 Qc7 11. 0-0 Be7 12. Rfe1 0-0 13. Nxc6 dxc6 14. Bf1 c5 15. Qf2 c4 16. Ne2 Bxe4 17. Bb6 Qb7 0-1

[Event "Rome La Regina op 3rd"]
[Site "Rome"]
[Date "2023.07.28"]
[Round "1"]
[White "Maldonado Gonzales, Stefano"]
[Black "Palchuk, Andrii"]
[Result "1/2-1/2"]
[WhiteElo "2032"]
[BlackElo "2317"]
[PlyCount "132"]
[EventDate "2023.07.28"]
[EventType "swiss"]
[EventRounds "5"]
[EventCountry "ITA"]
[SourceTitle "CBM 215 Extra"]
[Source "ChessBase"]
[SourceDate "2023.09.30"]
[SourceVersion "1"]
[SourceVersionDate "2023.09.30"]
[SourceQuality "1"]

1. e4 c6 2. Nf3 d5 3. exd5 cxd5 4. Ne5 a6 5. d4 Nc6 6. c3 Bf5 7. Bd3 Bxd3 8. Nxd3 e6 9. Bf4 Nf6 10. Nd2 Bd6 11. Bxd6 Qxd6 12. 0-0 0-0 13. Re1 Nd7 14. Nf3 f6 15. Nh4 Rae8 16. Qg4 f5 17. Qf4 Qxf4 18. Nxf4 g5 19. Nxe6 gxh4 20. Nxf8 Kxf8 21. Rxe8+ Kxe8 22. Re1+ Kf7 23. Re3 Ne7 24. Kf1 Nf6 25. Re1 Nc6 26. Rc1 Ne4 27. Ke2 Ke6 28. f3 Nd6 29. g3 h3 30. b3 b5 31. Ke3 Ne7 32. Ra1 Nc6 33. Rc1 Ne7 34. Kf4 Kf6 35. g4 Ng6+ 36. Kg3 Kg5 37. gxf5 Nf4 38. Rc2 Nxf5+ 39. Kf2 Nd6 40. Rd2 Nf5 41. Rd1 Ng2 42. a4 bxa4 43. bxa4 Kf4 44. Rb1 Ngh4 45. Rb7 Nxf3 46. Rxh7 Ng5 47. Ra7 Ne4+ 48. Kg1 Nxc3 49. Rxa6 Nxd4 50. Rh6 Nxa4 51. Rxh3 Nc3 52. Rh8 Nf5 53. h4 d4 54. Rd8 Ne4 55. Rd5 Nxh4 56. Rxd4 Nf3+ 57. Kg2 Nxd4 58. Kf1 Ke3 59. Kg2 Ne2 60. Kh3 Kf4 61. Kh4 N4g3 62. Kh3 Nc3 63. Kg2 Nd1 64. Kh3 Ne3 65. Kh2 Kf3 66. Kg1 Ng4 1/2-1/2

[Event "Skara Vastgota op"]
[Site "Skara"]
[Date "2023.02.19"]
[Round "9"]
[White "Palchuk, Andrii"]
[Black "Golubka, Petr"]
[Result "0-1"]
[WhiteElo "2318"]
[BlackElo "2363"]
[PlyCount "126"]
[EventDate "2023.02.18"]
[EventType "swiss"]
[EventRounds "9"]
[EventCountry "SWE"]
[SourceTitle "CBM 212 Extra"]
[Source "ChessBase"]
[SourceDate "2023.03.31"]
[SourceVersion "1"]
[SourceVersionDate "2023.03.31"]
[SourceQuality "1"]

1. d4 d5 2. c4 c6 3. Nf3 e6 4. Nbd2 f5 5. g3 Nd7 6. Bg2 Bd6 7. 0-0 Ngf6 8. b3 0-0 9. Bb2 Qe7 10. Ne5 a5 11. a3 Ne4 12. Ndf3 Nxe5 13. Nxe5 Bd7 14. e3 Be8 15. Qe2 h5 16. f3 Nf6 17. e4 dxe4 18. fxe4 Bxe5 19. dxe5 Qc5+ 20. Kh1 Nxe4 21. Bxe4 fxe4 22. Rxf8+ Qxf8 23. Rf1 Qe7 24. Qxe4 c5 25. Kg1 a4 26. bxa4 Rxa4 27. Qd3 Qd7 28. Qxd7 Bxd7 29. Rc1 Bc6 30. Rc3 Kf7 31. Bc1 Kg6 32. Kf2 Kf5 33. Bf4 g5 34. Be3 b6 35. Ke2 Kxe5 36. Bxg5 Rxc4 37. Rxc4 Bb5 38. Kd3 Kd5 39. Bd8 Bxc4+ 40. Kc3 b5 41. Bg5 Bf1 42. Be3 e5 43. Bg1 Bh3 44. Bf2 c4 45. Bb6 Bd7 46. h4 Bc6 47. Ba7 Ke4 48. Bb8 Kf5 49. Bc7 Be4 50. Kd2 Bb1 51. Bb8 e4 52. Bf4 Kg4 53. Be5 Kf3 54. Bf4 e3+ 55. Ke1 c3 56. Be5 c2 57. Bb2 Ba2 58. Bc1 Bc4 59. Bb2 Kxg3 60. Bc1 Kxh4 61. Bxe3 Kg3 62. Kd2 Bb3 63. Kc3 Ba4 0-1

[Event "Skara Vastgota op"]
[Site "Skara"]
[Date "2023.02.18"]
[Round "3"]
[White "Palchuk, Andrii"]
[Black "Svensson, Lars"]
[Result "1-0"]
[WhiteElo "2318"]
[BlackElo "2009"]
[PlyCount "63"]
[EventDate "2023.02.18"]
[EventType "swiss"]
[EventRounds "9"]
[EventCountry "SWE"]
[SourceTitle "CBM 212 Extra"]
[Source "ChessBase"]
[SourceDate "2023.03.31"]
[SourceVersion "1"]
[SourceVersionDate "2023.03.31"]
[SourceQuality "1"]

1. d4 d5 2. c4 Bf5 3. cxd5 Bxb1 4. Qa4+ c6 5. dxc6 Nxc6 6. Rxb1 e5 7. Bd2 exd4 8. g3 Qd5 9. Nf3 d3 10. Bg2 dxe2 11. Nh4 Qe6 12. Qe4 0-0-0 13. Qxe6+ fxe6 14. Bxc6 bxc6 15. Kxe2 Nf6 16. Nf3 Rd5 17. Rhc1 Kb7 18. Rc4 Be7 19. Rbc1 Rc8 20. Ra4 Bc5 21. Rac4 Bb6 22. b4 e5 23. Be3 h6 24. a4 g5 25. R1c2 g4 26. Nd2 h5 27. Nb3 Ne8 28. b5 Bxe3 29. fxe3 Nd6 30. Rxc6 Rf8 31. Nc5+ Ka8 32. Ne6 1-0

[Event "FIN-chT 2223"]
[Site "Finland"]
[Date "2023.01.15"]
[Round "8.2"]
[White "Ronka, Erik"]
[Black "Palchuk, Andrii"]
[Result "1/2-1/2"]
[WhiteElo "2248"]
[BlackElo "2318"]
[PlyCount "81"]
[EventDate "2022.09.24"]
[EventType "team-tourn"]
[EventRounds "11"]
[EventCountry "FIN"]
[SourceTitle "EXT 2024"]
[Source "ChessBase"]
[SourceDate "2023.10.10"]
[SourceVersion "1"]
[SourceVersionDate "2023.10.10"]
[SourceQuality "1"]
[WhiteTeam "Vantaa EtVaS"]
[BlackTeam "Gambiitti"]
[WhiteTeamCountry "FIN"]
[BlackTeamCountry "FIN"]

1. e4 e5 2. Nf3 Nc6 3. Bb5 a6 4. Ba4 Nf6 5. 0-0 Nxe4 6. d4 b5 7. Bb3 d5 8. dxe5 Be6 9. Qe2 Be7 10. Rd1 0-0 11. c4 bxc4 12. Bxc4 Bc5 13. Be3 Bxe3 14. Qxe3 Qb8 15. Bb3 Qb6 16. Qxb6 cxb6 17. Na3 Rfd8 18. Nc2 Na5 19. Ncd4 Nc4 20. Rab1 Rac8 21. h3 h6 22. Bc2 Bd7 23. Re1 Nc5 24. Nh4 Re8 25. f4 g5 26. fxg5 hxg5 27. Nhf3 g4 28. hxg4 Bxg4 29. Kh2 Bxf3 30. Nxf3 Rc7 31. Rbd1 Nxb2 32. Rxd5 Rd7 33. Rxd7 Nxd7 34. Rb1 Nc4 35. Rb4 Ncxe5 36. Bf5 Nf8 37. Rxb6 Nxf3+ 38. gxf3 Re2+ 39. Kg3 Rxa2 40. Bd3 a5 41. Ra6 1/2-1/2

[Event "Ghent op 43rd"]
[Site "Ghent"]
[Date "2022.07.21"]
[Round "4"]
[White "Palchuk, Andrii"]
[Black "Eerens, Pim"]
[Result "1/2-1/2"]
[WhiteElo "2248"]
[BlackElo "2079"]
[PlyCount "112"]
[EventDate "2022.07.20"]
[EventType "swiss"]
[EventRounds "9"]
[EventCountry "BEL"]
[SourceTitle "CBM 209 Extra"]
[Source "ChessBase"]
[SourceDate "2022.09.30"]
[SourceVersion "1"]
[SourceVersionDate "2022.09.30"]
[SourceQuality "1"]

1. d4 d5 2. Nf3 Nf6 3. c4 e6 4. g3 c6 5. Nbd2 Be7 6. Bg2 0-0 7. 0-0 b6 8. Qc2 Bb7 9. e4 Na6 10. a3 c5 11. exd5 exd5 12. dxc5 Nxc5 13. b4 Ne6 14. Bb2 Rc8 15. Ne5 Qc7 16. Rac1 dxc4 17. Qxc4 Qd6 18. Qe2 Bxg2 19. Kxg2 Qd5+ 20. Ndf3 Qb7 21. Kg1 h6 22. Ng6 Rfe8 23. Rxc8 Rxc8 24. Nfh4 Bd8 25. Re1 Qc6 26. Ne5 Qc2 27. b5 Qxe2 28. Rxe2 Nc5 29. Nf5 Rc7 30. Rd2 Be7 31. Nc6 Bf8 32. Bxf6 gxf6 33. Rd8 Ne6 34. Ra8 Kh7 35. a4 a5 36. Ne3 Rd7 37. h4 Bc5 38. Kg2 Bxe3 39. fxe3 Nc5 40. Nd4 Rb7 41. Nf5 Nxa4 42. Nd6 Rd7 43. Ne4 Kg7 44. g4 Rd5 45. Rg8+ Kxg8 46. Nxf6+ Kg7 47. Nxd5 Nb2 48. Nxb6 a4 49. Nd5 a3 50. Nb4 Nc4 51. Kf3 Kf6 52. Kf4 Ke6 53. e4 f6 54. Na2 Kf7 55. Nb4 Ke6 56. Na2 Kf7 1/2-1/2